Detalles MARC
| 000 -CABECERA |
| campo de control de longitud fija |
02385nam a2200325 a 4500 |
| 001 - NÚMERO DE CONTROL |
| campo de control |
000047562 |
| 005 - FECHA Y HORA DE LA ÚLTIMA TRANSACCIÓN |
| campo de control |
20240409110227.0 |
| 008 - DATOS DE LONGITUD FIJA--INFORMACIÓN GENERAL |
| campo de control de longitud fija |
150206s2007 dr ac r 000 0 spa d |
| 020 ## - NÚMERO INTERNACIONAL ESTÁNDAR DEL LIBRO |
| Número Internacional Estándar del Libro |
9789945443165 (v. 98) |
| 040 ## - FUENTE DE LA CATALOGACIÓN |
| Centro catalogador/agencia de origen |
DO-SdBNP |
| Lengua de catalogación |
spa |
| Centro/agencia transcriptor |
BNPHU |
| 082 ## - NÚMERO DE LA CLASIFICACIÓN DECIMAL DEWEY |
| Número de clasificación |
RD860.8 |
| Número de documento/Ítem |
C744o, 2006 |
| 111 2# - ENTRADA PRINCIPAL--NOMBRE DE CONGRESO/REUNIÓN |
| Nombre de congreso/reunión o jurisdicción como elemento de entrada |
Concurso de Arte y Literatura Bancentral |
| Número del congreso/reunión o número de parte o sección |
(10 : |
| Fecha del congreso/reunión |
2006 : |
| Sede del congreso/Lugar de la reunión |
Santo Domingo, República Dominicana) |
| 9 (RLIN) |
75210 |
| 245 10 - MENCIÓN DE TÍTULO |
| Título |
Obras premiadas : décimo concurso de arte y literatura Bancentral 2006. |
| 260 ## - PUBLICACIÓN, DISTRIBUCIÓN, ETC. |
| Lugar de publicación, distribución, etc. |
Santo Domingo : |
| Nombre del editor, distribuidor, etc. |
Banco Central de la República Dominicana, |
| Fecha de publicación, distribución, etc. |
2007. |
| 300 ## - DESCRIPCIÓN FÍSICA |
| Extensión |
100 p. : |
| Otras características físicas |
il., retrs. ; |
| Dimensiones |
24 cm. |
| 490 1# - MENCIÓN DE SERIE |
| Mención de serie |
Banco Central de la República Dominicana |
| Designación de volumen o secuencia |
98 |
| 490 1# - MENCIÓN DE SERIE |
| Mención de serie |
Obras premiadas |
| Designación de volumen o secuencia |
10 |
| 505 0# - NOTA DE CONTENIDO CON FORMATO |
| Nota de contenido con formato |
Cuentos -- |
| Título |
Reencuentro -- |
| Información miscelánea |
Primer lugar -- |
| Mención de responsabilidad |
Luis Sánchez Cavallo (Atlante) / |
| Título |
Sólo un sueño -- |
| Información miscelánea |
Segundo lugar -- |
| Mención de responsabilidad |
Nércido M. Vargas (Mene) / |
| Título |
Manabao -- |
| Información miscelánea |
Tercer lugar -- |
| Mención de responsabilidad |
Ellen Pérez Ducy (Estrellita) / |
| 505 0# - NOTA DE CONTENIDO CON FORMATO |
| Nota de contenido con formato |
Pintura -- |
| Título |
Vendedor de tomates -- |
| Información miscelánea |
Primer premio -- |
| Mención de responsabilidad |
Cándida Laureano de Mejía (Lala) / |
| Título |
Reflejo de nuestro amor -- |
| Información miscelánea |
Segundo premio -- |
| Mención de responsabilidad |
Miriam Rivera de Velázquez (Solsticio) / |
| Título |
Habichuelas -- |
| Información miscelánea |
Primer tercer premio -- |
| Mención de responsabilidad |
Cándida Laureano de Mejía (Lala) / |
| Título |
El fogón de mi abuela -- |
| Información miscelánea |
Segundo tercer premio -- |
| Mención de responsabilidad |
Geraldo Pimentel Ramírez (Emile) / |
| 505 0# - NOTA DE CONTENIDO CON FORMATO |
| Nota de contenido con formato |
Dibujos -- |
| Título |
América es mujer, la naturaleza es mujer -- |
| Información miscelánea |
Primer premio -- |
| Mención de responsabilidad |
Patría M. Román G. (Octubre) / |
| Título |
Naturaleza muerta -- |
| Información miscelánea |
Segundo premio -- |
| Mención de responsabilidad |
Miriam Rivera de Velásquez (Solsticio) / |
| 505 0# - NOTA DE CONTENIDO CON FORMATO |
| Nota de contenido con formato |
Fotografía -- |
| Título |
Mesa redonda -- |
| Información miscelánea |
Primer premio -- |
| Mención de responsabilidad |
Sheyla C. Hernández C. (Caracol) / |
| Título |
Huellas en las dunas -- |
| Información miscelánea |
Segundo lugar -- |
| Mención de responsabilidad |
Miriam Rivera de Velásquez (Solsticio) / |
| Título |
Verde que te quiero verde -- |
| Información miscelánea |
Tercer lugar -- |
| Mención de responsabilidad |
Anabelle Linares (Lula) / |
| Título |
MAnos laboriosas -- |
| Información miscelánea |
Primera mención de honor -- |
| Mención de responsabilidad |
Anabelle Linares (Lula) / |
| Título |
Flora y fauna -- |
| Información miscelánea |
Segunda mención de honor -- |
| Mención de responsabilidad |
Luis Manuel Ferreras (Voz Silente) / |
| 590 ## - NOTA LOCAL (RLIN) |
| Nota local |
Inventariado, 2018/YL |
| 650 #4 - PUNTO DE ACCESO ADICIONAL DE MATERIA--TÉRMINO DE MATERIA |
| Término de materia o nombre geográfico como elemento de entrada |
Cuentos dominicanos |
| Subdivisión cronológica |
SIGLO XXI |
| 9 (RLIN) |
43522 |
| 650 #4 - PUNTO DE ACCESO ADICIONAL DE MATERIA--TÉRMINO DE MATERIA |
| Término de materia o nombre geográfico como elemento de entrada |
Certámenes literarios |
| Subdivisión cronológica |
SIGLO XXI |
| 9 (RLIN) |
43523 |
| 650 #0 - PUNTO DE ACCESO ADICIONAL DE MATERIA--TÉRMINO DE MATERIA |
| Término de materia o nombre geográfico como elemento de entrada |
Literatura dominicana |
| Subdivisión cronológica |
Siglo XXI |
| 9 (RLIN) |
43524 |
| 650 #4 - PUNTO DE ACCESO ADICIONAL DE MATERIA--TÉRMINO DE MATERIA |
| Término de materia o nombre geográfico como elemento de entrada |
Premios literarios |
| Subdivisión cronológica |
SIGLO XXI |
| 9 (RLIN) |
43525 |
| 650 #4 - PUNTO DE ACCESO ADICIONAL DE MATERIA--TÉRMINO DE MATERIA |
| Término de materia o nombre geográfico como elemento de entrada |
Arte y literatura |
| Subdivisión cronológica |
SIGLO XXI |
| 9 (RLIN) |
75187 |
| 830 #0 - PUNTO DE ACCESO ADICIONAL DE SERIE-TÍTULO UNIFORME |
| Título uniforme |
Banco Central de la República Dominicana. |
| Designación de volumen o secuencia |
98 |
| Nombre de parte o sección de la obra |
Obras premiadas |
| Número de parte o sección de la obra |
10 |
| 9 (RLIN) |
75211 |
| 910 ## - DATOS DE OPCIÓN DEL USUARIO (OCLC) |
| Datos de opción del usuario |
Validado. Control de calidad MFF |